[Event "Mlada Boleslav op"]
[Site "Mlada Boleslav"]
[Date "1994.??.??"]
[Round "7"]
[White "Gogichaishvili, Giorgi"]
[Black "Dolezal, Radoslav"]
[Result "1-0"]
[WhiteElo "2410"]
[BlackElo "2225"]
[PlyCount "56"]
[EventDate "1994.??.??"]
[EventType "swiss"]
[EventRounds "9"]
[EventCountry "CZE"]
[SourceTitle "EXT 1997"]
[Source "ChessBase"]
[SourceDate "1996.11.15"]
[SourceVersion "1"]
[SourceVersionDate "1996.11.15"]
[SourceQuality "1"]

1. e4 e5 2. Nf3 Nc6 3. Bb5 a6 4. Ba4 Nf6 5. 0-0 Be7 6. Re1 b5 7. Bb3 0-0 8. a4 Bb7 9. d3 d6 10. c3 Na5 11. Ba2 c5 12. Na3 Qb6 13. h3 c4 14. Bg5 Rac8 15. axb5 axb5 16. Nc2 h6 17. Bxf6 Bxf6 18. Nb4 Bd8 19. Qe2 f5 20. Nd2 Kh8 21. dxc4 bxc4 22. Nxc4 Nxc4 23. Bxc4 Bxe4 24. Ra6 Qc5 25. Be6 Rb8 26. Rd1 Rb6 27. Bd5 Rxa6 28. Nxa6 Qa7 1-0

[Event "Mlada Boleslav op"]
[Site "Mlada Boleslav"]
[Date "1994.??.??"]
[Round "5"]
[White "Gogichaishvili, Giorgi"]
[Black "Krupkova, Petra"]
[Result "1-0"]
[WhiteElo "2410"]
[BlackElo "2215"]
[PlyCount "83"]
[EventDate "1994.??.??"]
[EventType "swiss"]
[EventRounds "9"]
[EventCountry "CZE"]
[SourceTitle "EXT 1997"]
[Source "ChessBase"]
[SourceDate "1996.11.15"]
[SourceVersion "1"]
[SourceVersionDate "1996.11.15"]
[SourceQuality "1"]

1. e4 e5 2. Nf3 Nc6 3. Bb5 f5 4. d3 fxe4 5. dxe4 Nf6 6. 0-0 d6 7. Qd3 Bg4 8. h3 Bxf3 9. Qxf3 Be7 10. Bc4 Qd7 11. a3 0-0-0 12. Nc3 Rdf8 13. Qd1 h6 14. Be3 Kb8 15. b4 Nh7 16. b5 Na5 17. Be2 b6 18. Nd5 Bg5 19. Nb4 Nf6 20. a4 Bxe3 21. fxe3 Qe6 22. Qd3 h5 23. Nc6+ Nxc6 24. bxc6 a5 25. Rab1 Kc8 26. c4 g6 27. c5 dxc5 28. Rxf6 Rxf6 29. Qa6+ Kd8 30. Rd1+ Ke7 31. Rd7+ Qxd7 32. cxd7 Kxd7 33. Bb5+ Ke7 34. Qb7 Rf7 35. Qxc7+ Kf6 36. Qxb6+ Kg7 37. Qxc5 Rd8 38. Qxe5+ Kh7 39. Bc4 Rd1+ 40. Kh2 Rf2 41. Qxa5 Kh6 42. h4 1-0

[Event "Troll Masters"]
[Site "Gausdal"]
[Date "1992.??.??"]
[Round "4"]
[White "Djurhuus, Rune"]
[Black "Gogichaishvili, Giorgi"]
[Result "0-1"]
[WhiteElo "2420"]
[BlackElo "2430"]
[PlyCount "98"]
[EventDate "1992.01.??"]
[EventType "swiss"]
[EventRounds "9"]
[EventCountry "NOR"]
[SourceTitle "CBM 028 Extra"]
[Source "ChessBase"]
[SourceDate "1992.07.01"]
[SourceVersion "1"]
[SourceVersionDate "1992.07.01"]
[SourceQuality "1"]

1. d4 Nf6 2. c4 e6 3. Nc3 Bb4 4. e3 Nc6 5. Nf3 d5 6. Be2 0-0 7. 0-0 Re8 8. a3 Bxc3 9. bxc3 Na5 10. Nd2 b6 11. cxd5 exd5 12. Bb2 c6 13. a4 Ne4 14. Nxe4 Rxe4 15. Bd3 Re6 16. Qc2 Qh4 17. g3 Qh5 18. Rae1 Rf6 19. f4 Bh3 20. Rf2 Re8 21. Bc1 g6 22. e4 dxe4 23. Rxe4 Rxe4 24. Bxe4 Re6 25. Bd2 Bf5 26. Bxf5 Qxf5 27. Qxf5 gxf5 28. Kf1 Kf8 29. Bc1 Nc4 30. Ra2 a5 31. Kf2 Ke7 32. Ba3+ Kd7 33. Bf8 Re8 34. Bg7 Kd6 35. Be5+ Kd5 36. Ra1 Re6 37. Rb1 f6 38. Bc7 Re8 39. Re1 Rxe1 40. Kxe1 b5 41. axb5 cxb5 42. Kd1 a4 43. Kc2 Ne3+ 44. Kb2 Kc4 45. Ba5 h5 46. Ka3 Nf1 47. Bd8 Nxh2 48. d5 Kxd5 49. Kb4 Kc6 0-1

[Event "Brno Morava-D"]
[Site "Brno"]
[Date "1991.??.??"]
[Round "8"]
[White "Butnorius, Algimantas"]
[Black "Gogichaishvili, Giorgi"]
[Result "0-1"]
[WhiteElo "2390"]
[BlackElo "2410"]
[PlyCount "66"]
[EventDate "1991.09.??"]
[EventType "tourn"]
[EventRounds "11"]
[EventCountry "CZE"]
[EventCategory "5"]
[SourceTitle "CBM 024 Extra"]
[Source "ChessBase"]
[SourceDate "1991.11.01"]
[SourceVersion "1"]
[SourceVersionDate "1991.11.01"]
[SourceQuality "1"]

1. Nf3 Nf6 2. c4 e6 3. g3 c5 4. Bg2 Nc6 5. 0-0 Be7 6. Nc3 d5 7. cxd5 Nxd5 8. Nxd5 exd5 9. d4 0-0 10. dxc5 Bxc5 11. Qd3 h6 12. Bf4 Re8 13. Rac1 Bb6 14. a3 Qf6 15. b4 Bf5 16. Qxd5 Rxe2 17. b5 Rd8 18. Qb3 Na5 19. Qc3 Qxc3 20. Rxc3 Rd3 21. Be5 Rxf3 22. Bxf3 Rxe5 23. a4 g5 24. g4 Be6 25. h3 Bb3 26. Ra1 Kg7 27. Ra3 Re1+ 28. Kg2 Bc4 29. Rc2 Bd4 30. Rd2 Bf1+ 31. Kg1 Nc4 32. Rxd4 Nxa3 33. Rd7 Bxb5+ 0-1

[Event "Brno Morava-D"]
[Site "Brno"]
[Date "1991.??.??"]
[Round "6"]
[White "Hrbolka, Ladislav"]
[Black "Gogichaishvili, Giorgi"]
[Result "0-1"]
[WhiteElo "2310"]
[BlackElo "2410"]
[PlyCount "56"]
[EventDate "1991.09.??"]
[EventType "tourn"]
[EventRounds "11"]
[EventCountry "CZE"]
[EventCategory "5"]
[SourceTitle "CBM 024 Extra"]
[Source "ChessBase"]
[SourceDate "1991.11.01"]
[SourceVersion "1"]
[SourceVersionDate "1991.11.01"]
[SourceQuality "1"]

1. d4 Nf6 2. c4 e6 3. Nc3 Bb4 4. e3 Nc6 5. Nge2 d5 6. a3 Be7 7. Ng3 h5 8. cxd5 exd5 9. Bd3 h4 10. Nf5 Bf8 11. g3 hxg3 12. Nxg3 Bd6 13. Bd2 Ne7 14. Qb3 c6 15. 0-0-0 Bg4 16. e4 Bxd1 17. Rxd1 Ng4 18. e5 Nxf2 19. Bc2 Nxd1 20. Nxd1 Bc7 21. Nf5 Nxf5 22. Bxf5 g6 23. Bg4 Bb6 24. Bf4 Bxd4 25. Qxb7 0-0 26. Qb4 c5 27. Qd2 Qe7 28. Nc3 Rad8 0-1

[Event "URS-ch Army"]
[Site "Odessa"]
[Date "1991.??.??"]
[Round "?"]
[White "Karasev, Vladimir I"]
[Black "Gogichaishvili, Giorgi"]
[Result "1-0"]
[WhiteElo "2365"]
[BlackElo "2380"]
[PlyCount "103"]
[EventDate "1991.??.??"]
[EventType "tourn"]
[EventRounds "13"]
[EventCountry "URS"]
[EventCategory "5"]
[SourceTitle "TD"]
[Source "ChessBase"]
[SourceDate "1994.03.01"]
[SourceVersion "1"]
[SourceVersionDate "1994.03.01"]
[SourceQuality "1"]

1. e4 c5 2. Nf3 e6 3. d4 cxd4 4. Nxd4 Nc6 5. Nc3 Qc7 6. f4 d6 7. Nxc6 bxc6 8. Bd3 Nf6 9. 0-0 e5 10. Kh1 Be7 11. Bc4 0-0 12. fxe5 dxe5 13. Bg5 Bg4 14. Qe1 Bh5 15. Qh4 Bg6 16. Ne2 Rad8 17. b3 Rd7 18. Ng3 Ne8 19. Bxe7 Rxe7 20. Rad1 Rd7 21. Rxd7 Qxd7 22. Qg5 Qd4 23. h4 Nd6 24. c3 Qxc3 25. h5 Nxc4 26. hxg6 hxg6 27. bxc4 Qxc4 28. Qxe5 Qxa2 29. Qc5 Qb3 30. Kh2 Qb6 31. Rc1 Rc8 32. e5 Qxc5 33. Rxc5 Kf8 34. Ne4 Ke7 35. Nd6 Rc7 36. Nb5 Rd7 37. Nc3 Ke6 38. Kg3 f6 39. Kf3 Rd4 40. Ne2 Rd3+ 41. Ke4 Rd2 42. Nd4+ Ke7 43. Nxc6+ Kf7 44. g4 Ra2 45. Nd4 fxe5 46. Kxe5 g5 47. Rc7+ Kg6 48. Rc6+ Kf7 49. Nf3 Ra5+ 50. Kd6 Kf6 51. Nd2 Re5 52. Ne4+ 1-0

[Event "Brno Morava-D"]
[Site "Brno"]
[Date "1991.??.??"]
[Round "3"]
[White "Voekler, Bernd"]
[Black "Gogichaishvili, Giorgi"]
[Result "0-1"]
[WhiteElo "2370"]
[BlackElo "2410"]
[PlyCount "77"]
[EventDate "1991.09.??"]
[EventType "tourn"]
[EventRounds "11"]
[EventCountry "CZE"]
[EventCategory "5"]
[SourceTitle "CBM 024 Extra"]
[Source "ChessBase"]
[SourceDate "1991.11.01"]
[SourceVersion "1"]
[SourceVersionDate "1991.11.01"]
[SourceQuality "1"]

1. e4 c5 2. Nf3 e6 3. d4 cxd4 4. Nxd4 Nc6 5. Nc3 Qc7 6. Be2 Nf6 7. 0-0 a6 8. a4 Bb4 9. Bg5 Be7 10. Nxc6 bxc6 11. Qd4 h6 12. Bh4 e5 13. Qe3 d6 14. a5 Be6 15. Bg3 Nd7 16. Rfd1 0-0 17. Kh1 g5 18. h3 Kg7 19. Ra4 f5 20. exf5 Bxf5 21. Rc4 Qb7 22. Na4 Be6 23. Rc3 Rab8 24. Nb6 Nxb6 25. axb6 Qxb6 26. Qe4 c5 27. Bg4 Bxg4 28. Qxg4 Qxb2 29. Rcd3 Rf6 30. h4 Rg6 31. hxg5 hxg5 32. Kg1 Qb5 33. Rf3 Qe8 34. Rf5 a5 35. Re1 Bf6 36. Rd1 Qe6 37. Qe4 Rb4 38. c4 Rxc4 39. Qb7+ 0-1

[Event "URS-ch Army"]
[Site "Khabarovsk"]
[Date "1990.??.??"]
[Round "?"]
[White "Varavin, Viktor"]
[Black "Gogichaishvili, Giorgi"]
[Result "1/2-1/2"]
[WhiteElo "2300"]
[BlackElo "2310"]
[PlyCount "101"]
[EventDate "1990.??.??"]
[EventType "tourn"]
[EventRounds "12"]
[EventCountry "URS"]
[EventCategory "3"]
[SourceTitle "EXT 1997"]
[Source "ChessBase"]
[SourceDate "1996.11.15"]
[SourceVersion "1"]
[SourceVersionDate "1996.11.15"]
[SourceQuality "1"]

1. e4 c5 2. Nf3 e6 3. d4 cxd4 4. Nxd4 Nc6 5. Nc3 d6 6. Be3 Nf6 7. f3 a6 8. Qd2 Bd7 9. g4 h6 10. 0-0-0 Qc7 11. Bd3 Nxd4 12. Bxd4 Bc6 13. Qe3 Nd7 14. Nd5 Bxd5 15. exd5 e5 16. f4 Be7 17. Rhe1 0-0-0 18. Qf2 Bf6 19. fxe5 Bxe5 20. Ba7 Qa5 21. Bf5 g6 22. Rxe5 dxe5 23. Rd3 gxf5 24. Rc3+ Qxc3 25. bxc3 Kc7 26. Qe2 Kd6 27. gxf5 Rc8 28. Qh5 Rh7 29. Qh4 b5 30. a4 f6 31. axb5 axb5 32. Qb4+ Kxd5 33. Qxb5+ Kd6 34. Qb4+ Kc7 35. c4 Ra8 36. Bc5 Ra6 37. Qb5 Nxc5 38. Qxc5+ Kb7 39. Kd2 Rc7 40. Qd5+ Rac6 41. Ke3 Ka7 42. Qa5+ Kb7 43. Qb4+ Rb6 44. Qa4 Rbc6 45. Qb4+ Rb6 46. Qf8 Rxc4 47. Qxh6 Rxc2 48. h4 Rc3+ 49. Kd2 Rh3 50. Qg7+ Ka6 51. Qg4 1/2-1/2